[Event "St Petersburg Botvinnik Memorial op"]
[Site "St Petersburg"]
[Date "2012.08.30"]
[Round "6"]
[White "Gorjunov, Sergey"]
[Black "Shemenko, Georgy"]
[Result "1-0"]
[WhiteElo "2128"]
[BlackElo "1746"]
[PlyCount "69"]
[EventDate "2012.08.25"]
[EventType "swiss"]
[EventRounds "9"]
[EventCountry "RUS"]
[SourceTitle "CBM 150 Extra"]
[Source "ChessBase"]
[SourceDate "2012.10.19"]
[SourceVersion "1"]
[SourceVersionDate "2012.10.19"]
[SourceQuality "1"]

1. c4 Nf6 2. Nc3 g6 3. g3 Bg7 4. Bg2 0-0 5. e3 e6 6. Nge2 d5 7. b3 c5 8. d4 cxd4 9. exd4 Nc6 10. 0-0 Ne4 11. Nxe4 dxe4 12. Bxe4 Nxd4 13. Nxd4 Bxd4 14. Bh6 Re8 15. Rc1 e5 16. Qf3 Qe7 17. Bd5 e4 18. Qf4 Bf5 19. Bg5 Qd7 20. Rcd1 Be5 21. Qh4 Qc7 22. Rfe1 Bg7 23. Bxe4 Bxe4 24. Rxe4 Rxe4 25. Qxe4 Qa5 26. Qxb7 Rf8 27. Be7 Re8 28. Qd7 Rb8 29. c5 Qxa2 30. c6 Be5 31. c7 Bxc7 32. Qxc7 Qxb3 33. Rd8+ Rxd8 34. Qxd8+ Kg7 35. Qf8# 1-0

[Event "St Petersburg Botvinnik Memorial op"]
[Site "St Petersburg"]
[Date "2012.08.29"]
[Round "5"]
[White "Khakimov, Timur"]
[Black "Gorjunov, Sergey"]
[Result "1-0"]
[WhiteElo "2298"]
[BlackElo "2128"]
[PlyCount "55"]
[EventDate "2012.08.25"]
[EventType "swiss"]
[EventRounds "9"]
[EventCountry "RUS"]
[SourceTitle "CBM 150 Extra"]
[Source "ChessBase"]
[SourceDate "2012.10.19"]
[SourceVersion "1"]
[SourceVersionDate "2012.10.19"]
[SourceQuality "1"]

1. e4 c5 2. Nf3 d6 3. d4 cxd4 4. Nxd4 Nf6 5. Nc3 g6 6. Be2 Bg7 7. 0-0 Nc6 8. Nb3 0-0 9. Bg5 Be6 10. Kh1 Rc8 11. f4 a6 12. Bf3 b5 13. Nd5 Bxd5 14. exd5 Na5 15. c3 b4 16. cxb4 Nc4 17. Qe2 Qb6 18. Rac1 Qxb4 19. Nd4 Na5 20. Rxc8 Rxc8 21. Nc6 Nxc6 22. dxc6 Qb5 23. Rc1 h6 24. Qxb5 axb5 25. Bxf6 Bxf6 26. c7 d5 27. Bxd5 Bxb2 28. Rc2 1-0

[Event "St Petersburg Botvinnik Memorial op"]
[Site "St Petersburg"]
[Date "2012.08.25"]
[Round "1"]
[White "Sokolov, Ilia"]
[Black "Gorjunov, Sergey"]
[Result "0-1"]
[WhiteElo "1712"]
[BlackElo "2128"]
[PlyCount "54"]
[EventDate "2012.08.25"]
[EventType "swiss"]
[EventRounds "9"]
[EventCountry "RUS"]
[SourceTitle "CBM 150 Extra"]
[Source "ChessBase"]
[SourceDate "2012.10.19"]
[SourceVersion "1"]
[SourceVersionDate "2012.10.19"]
[SourceQuality "1"]

1. Nf3 c5 2. g3 d5 3. Bg2 Nc6 4. 0-0 e5 5. d3 Bd6 6. e4 d4 7. Nbd2 Nge7 8. Nc4 Bc7 9. a4 f6 10. Nh4 Be6 11. f4 0-0 12. b3 a6 13. fxe5 fxe5 14. Nf5 Nxf5 15. exf5 Rxf5 16. Rxf5 Bxf5 17. Qe2 Qe7 18. Bxc6 bxc6 19. Bf4 Re8 20. Re1 e4 21. Bxc7 Qxc7 22. Qh5 g6 23. Qg5 Qe7 24. Qxe7 Rxe7 25. Na5 exd3 26. Kf2 dxc2 27. Rc1 d3 0-1

[Event "St Petersburg White Nights op"]
[Site "St Petersburg"]
[Date "2011.06.15"]
[Round "9"]
[White "Gorjunov, Sergey"]
[Black "Manin, Viktor L"]
[Result "0-1"]
[WhiteElo "2108"]
[BlackElo "2244"]
[PlyCount "54"]
[EventDate "2011.06.07"]
[EventType "swiss"]
[EventRounds "9"]
[EventCountry "RUS"]
[SourceTitle "EXT 2012"]
[Source "ChessBase"]
[SourceDate "2011.11.24"]
[SourceVersion "1"]
[SourceVersionDate "2011.11.24"]
[SourceQuality "1"]

1. c4 e5 2. Nc3 Nc6 3. g3 Nf6 4. Bg2 Bb4 5. Nd5 Ba5 6. a3 Nxd5 7. cxd5 Ne7 8. b4 Bb6 9. Bb2 d6 10. d4 f6 11. e4 0-0 12. Ne2 Bg4 13. f3 Bh5 14. g4 Bf7 15. Qd2 c6 16. dxc6 bxc6 17. g5 Ng6 18. h4 fxg5 19. hxg5 a5 20. Bh3 axb4 21. axb4 Rxa1+ 22. Bxa1 Qa8 23. Bc3 Bc4 24. Bf5 Qa7 25. d5 Bf2+ 26. Kf1 Nf4 27. Be6+ Rf7 0-1

[Event "St Petersburg White Nights op"]
[Site "St Petersburg"]
[Date "2011.06.11"]
[Round "5"]
[White "Gorjunov, Sergey"]
[Black "Safronov, Kirill"]
[Result "0-1"]
[WhiteElo "2108"]
[BlackElo "1921"]
[PlyCount "104"]
[EventDate "2011.06.07"]
[EventType "swiss"]
[EventRounds "9"]
[EventCountry "RUS"]
[SourceTitle "EXT 2012"]
[Source "ChessBase"]
[SourceDate "2011.11.24"]
[SourceVersion "1"]
[SourceVersionDate "2011.11.24"]
[SourceQuality "1"]

1. c4 e5 2. Nc3 d6 3. g3 Nc6 4. Bg2 g6 5. e3 Bg7 6. Nge2 Nge7 7. 0-0 0-0 8. d3 Be6 9. Nd5 Qd7 10. Nec3 Nd8 11. d4 exd4 12. exd4 Nf5 13. Bg5 f6 14. Bc1 c6 15. Nf4 Bxc4 16. Re1 Ne6 17. Nxe6 Bxe6 18. d5 Bf7 19. Qa4 Ne7 20. Be3 Qc7 21. Rac1 Rfe8 22. b4 a5 23. b5 c5 24. g4 f5 25. Red1 fxg4 26. Qxg4 Nf5 27. Bf4 b6 28. Ne4 Kh8 29. Ng5 Nd4 30. Bxd6 Qb7 31. Kh1 Bxd5 32. f3 Rad8 33. Bg3 h5 34. Qh3 Qd7 35. Qh4 Nf5 36. Qf4 Rf8 37. Bh3 Qb7 38. Bg2 Bh6 39. Qe5+ Bg7 40. Qf4 Rde8 41. Qd2 Nd4 42. Ne4 Bxe4 43. fxe4 Qd7 44. Qg5 Kh7 45. Bf4 Qf7 46. Rxd4 cxd4 47. Rf1 Qxa2 48. e5 Rf5 49. Qg3 Bxe5 50. Bxe5 Rxf1+ 51. Bxf1 Qd5+ 52. Bg2 Qxe5 0-1

[Event "St Petersburg Blockade op"]
[Site "St Petersburg"]
[Date "2011.01.06"]
[Round "4"]
[White "Gorjunov, Sergey"]
[Black "Palchun, Grigory"]
[Result "1-0"]
[WhiteElo "2058"]
[BlackElo "2144"]
[PlyCount "87"]
[EventDate "2011.01.03"]
[EventType "swiss"]
[EventRounds "9"]
[EventCountry "RUS"]
[SourceTitle "CBM 140 Extra"]
[Source "ChessBase"]
[SourceDate "2011.03.01"]
[SourceVersion "1"]
[SourceVersionDate "2011.03.01"]
[SourceQuality "1"]

1. c4 e5 2. a3 Nc6 3. Nc3 g6 4. g3 Bg7 5. Bg2 d6 6. d3 f5 7. e3 Nf6 8. Nge2 0-0 9. 0-0 Be6 10. Nd5 e4 11. Nef4 Bf7 12. Nxf6+ Qxf6 13. Nd5 Qd8 14. d4 Na5 15. b3 c6 16. Nf4 b5 17. cxb5 Bxb3 18. Qe1 cxb5 19. Bd2 Nc6 20. f3 Qe8 21. fxe4 fxe4 22. Qb1 Bc4 23. Qxe4 Bxf1 24. Qd5+ Qf7 25. Qxf7+ Rxf7 26. Rxf1 Rc8 27. Bd5 Nd8 28. Bb4 Bf8 29. Ba5 Kg7 30. Bxd8 Rxf4 31. Rxf4 Rxd8 32. Rf7+ Kh8 33. Rxa7 Bh6 34. Kf2 Rc8 35. Ra8 Rxa8 36. Bxa8 Kg8 37. Bc6 Kf8 38. Bxb5 Ke7 39. Bc4 Bg7 40. Kf3 Bf8 41. Ke4 Kd7 42. Bd5 Be7 43. Bg8 h6 44. Kd5 1-0

[Event "St Petersburg White Nights op"]
[Site "St Petersburg"]
[Date "2010.06.23"]
[Round "8"]
[White "Gorjunov, Sergey"]
[Black "Utkin, Vladimir"]
[Result "1/2-1/2"]
[WhiteElo "2087"]
[BlackElo "2043"]
[PlyCount "53"]
[EventDate "2010.06.16"]
[EventType "swiss"]
[EventRounds "9"]
[EventCountry "RUS"]
[SourceTitle "EXT 2011"]
[Source "ChessBase"]
[SourceDate "2010.11.26"]
[SourceVersion "1"]
[SourceVersionDate "2010.11.26"]
[SourceQuality "1"]

1. c4 c6 2. e4 d5 3. exd5 cxd5 4. cxd5 Nf6 5. Bb5+ Nbd7 6. Nc3 a6 7. Be2 Nb6 8. Bf3 Nbxd5 9. Nge2 e6 10. d4 Be7 11. 0-0 0-0 12. Nf4 Nxc3 13. bxc3 Qc7 14. Qb3 Bd7 15. Qxb7 Qxc3 16. Be3 Rab8 17. Rfc1 Qxa1 18. Rxa1 Rxb7 19. Bxb7 a5 20. h3 Rb8 21. Bf3 Bd6 22. g3 h6 23. Rd1 Rb2 24. Rd2 Rb1+ 25. Rd1 Rb2 26. Rd2 Rb1+ 27. Rd1 1/2-1/2

[Event "St Petersburg White Nights op"]
[Site "St Petersburg"]
[Date "2010.06.22"]
[Round "7"]
[White "Churkin, Vitaly"]
[Black "Gorjunov, Sergey"]
[Result "1-0"]
[WhiteElo "2325"]
[BlackElo "2087"]
[PlyCount "95"]
[EventDate "2010.06.16"]
[EventType "swiss"]
[EventRounds "9"]
[EventCountry "RUS"]
[SourceTitle "EXT 2011"]
[Source "ChessBase"]
[SourceDate "2010.11.26"]
[SourceVersion "1"]
[SourceVersionDate "2010.11.26"]
[SourceQuality "1"]

1. c4 Nf6 2. Nc3 e6 3. Nf3 Bb4 4. g3 0-0 5. Bg2 d5 6. d4 Nc6 7. cxd5 exd5 8. 0-0 Ne4 9. Bd2 Bg4 10. Nxe4 dxe4 11. Bxb4 Nxb4 12. Ne5 Bf5 13. a3 Nd5 14. Qb3 Nb6 15. Qc3 f6 16. Nc4 c6 17. Rac1 Nd5 18. Qb3 Rf7 19. Ne3 Bg6 20. Nxd5 Qxd5 21. Qxd5 cxd5 22. Rc5 Rd7 23. Bh3 f5 24. Rfc1 Kf7 25. Kf1 Kf6 26. Ke1 Bf7 27. Kd2 g5 28. R1c3 g4 29. Bg2 Rg8 30. Rc7 Ke7 31. Ke3 Rg6 32. h3 Kd6 33. Rxd7+ Kxd7 34. Kf4 Rb6 35. b4 Be6 36. Ke5 a5 37. bxa5 Rb2 38. Re3 Rb1 39. hxg4 fxg4 40. Rc3 Rg1 41. Rb3 Rxg2 42. Rxb7+ Kc8 43. a6 Rxf2 44. Kxe6 Rxe2 45. Rb3 Rh2 46. a7 Rh6+ 47. Kxd5 Ra6 48. Rb8+ 1-0

[Event "St Petersburg Blokadny op"]
[Site "St Petersburg"]
[Date "2010.01.08"]
[Round "6"]
[White "Enalskiy, Aleksey"]
[Black "Gorjunov, Sergey"]
[Result "1/2-1/2"]
[WhiteElo "1688"]
[BlackElo "2118"]
[PlyCount "119"]
[EventDate "2010.01.03"]
[EventType "swiss"]
[EventRounds "9"]
[EventCountry "RUS"]
[SourceTitle "CBM 134 Extra"]
[Source "ChessBase"]
[SourceDate "2010.03.03"]
[SourceVersion "1"]
[SourceVersionDate "2010.03.03"]
[SourceQuality "1"]

1. e4 c5 2. f4 Nc6 3. Nf3 d6 4. Bc4 g6 5. 0-0 Bg7 6. d3 e6 7. Nc3 Nge7 8. Qe1 0-0 9. g4 d5 10. Bb3 Na5 11. Qg3 c4 12. Ba4 a6 13. f5 b5 14. Ng5 f6 15. Qh4 Qb6+ 16. Kh1 h6 17. Nxe6 g5 18. Qe1 Bxe6 19. fxe6 Qxe6 20. exd5 Qxe1 21. Rxe1 Ng6 22. dxc4 bxa4 23. c5 Ne5 24. h3 a3 25. Na4 Rad8 26. Nb6 axb2 27. Bxb2 Nac4 28. Bxe5 Nxe5 29. Rad1 f5 30. gxf5 Nf3 31. Rf1 Rxf5 32. c6 Be5 33. Nc4 Bb8 34. d6 Rc5 35. c7 Bxc7 36. dxc7 Rxd1 37. Rxd1 Rxc7 38. Ne3 Re7 39. Nf5 Re2 40. Nxh6+ Kg7 41. Ng4 Rxc2 42. a3 Kg6 43. Rd6+ Kf5 44. Ne3+ Ke5 45. Nxc2 Kxd6 46. Kg2 Ne5 47. Nd4 Kd5 48. Nf3 Nc4 49. Nxg5 Nxa3 50. h4 Nc4 51. h5 Ne3+ 52. Kf3 Nf5 53. Kf4 Nh6 54. Ke3 Kc4 55. Kd2 Kb3 56. Kc1 a5 57. Ne4 Nf5 58. Nd2+ Kb4 59. Kb2 a4 60. Nb1 1/2-1/2

[Event "St Petersburg White Nights op"]
[Site "St Petersburg"]
[Date "2009.06.15"]
[Round "7"]
[White "Ganichev, Alexander"]
[Black "Gorjunov, Sergey"]
[Result "1/2-1/2"]
[WhiteElo "2154"]
[BlackElo "2087"]
[PlyCount "81"]
[EventDate "2009.06.09"]
[EventType "swiss"]
[EventRounds "9"]
[EventCountry "RUS"]
[SourceTitle "EXT 2011"]
[Source "ChessBase"]
[SourceDate "2010.11.26"]
[SourceVersion "1"]
[SourceVersionDate "2010.11.26"]
[SourceQuality "1"]

1. e4 c5 2. Nf3 d6 3. d4 cxd4 4. Qxd4 Nc6 5. Bb5 Bd7 6. Bxc6 Bxc6 7. Nc3 e5 8. Qd3 Be7 9. 0-0 h6 10. Nd2 Nf6 11. Nc4 0-0 12. Ne3 Re8 13. a4 Bf8 14. b3 Qc7 15. Ba3 Red8 16. Rfd1 a6 17. f3 b5 18. axb5 axb5 19. Ncd5 Nxd5 20. exd5 Bd7 21. Bb4 Qb7 22. g4 Rxa1 23. Rxa1 Ra8 24. Qc3 Rxa1+ 25. Qxa1 Qb6 26. Kf2 f5 27. gxf5 Qd8 28. Ng2 Bxf5 29. Qa6 Qg5 30. h4 Qc1 31. Bxd6 Qxc2+ 32. Kg3 Bxd6 33. Qxd6 e4 34. Qf4 exf3 35. Ne3 Qd2 36. Kxf3 Bd3 37. d6 Be2+ 38. Kg3 b4 39. d7 Qxd7 40. Qb8+ Kh7 41. Qxb4 1/2-1/2

[Event "St Petersburg op"]
[Site "St Petersburg"]
[Date "2009.01.07"]
[Round "5"]
[White "Pischikov, Vadim"]
[Black "Gorjunov, Sergey"]
[Result "0-1"]
[WhiteElo "1927"]
[BlackElo "2096"]
[PlyCount "70"]
[EventDate "2009.01.03"]
[EventType "swiss"]
[EventRounds "9"]
[EventCountry "RUS"]
[SourceTitle "EXT 2010"]
[Source "ChessBase"]
[SourceDate "2010.11.25"]
[SourceVersion "1"]
[SourceVersionDate "2010.11.25"]
[SourceQuality "1"]

1. d4 e6 2. Nf3 c5 3. c3 Nf6 4. Bg5 cxd4 5. Nxd4 Nc6 6. e3 d5 7. Nd2 e5 8. Nxc6 bxc6 9. Be2 h6 10. Bh4 Bd6 11. Qc2 Be6 12. 0-0 e4 13. c4 0-0 14. c5 Be7 15. Nb3 Bd7 16. a3 a5 17. Nd4 a4 18. Rfb1 Qa5 19. b4 axb3 20. Nxb3 Qa4 21. Qc3 Rfb8 22. Bg3 Rb7 23. Bd1 Ne8 24. Be5 f6 25. Bd4 Nc7 26. Qc1 Ne6 27. h3 Rab8 28. Kh2 Qc4 29. Nd2 Qxc1 30. Rxc1 Nxd4 31. exd4 Rb2 32. Bc2 f5 33. Rab1 Bg5 34. Rd1 Bxd2 35. Rxb2 Bf4+ 0-1

[Event "St Petersburg Zak Memorial"]
[Site "St Petersburg"]
[Date "2007.03.29"]
[Round "6"]
[White "Gorjunov, Sergey"]
[Black "Timofeev, Andrei"]
[Result "0-1"]
[WhiteElo "2102"]
[BlackElo "2335"]
[PlyCount "88"]
[EventDate "2007.03.24"]
[EventType "team"]
[EventRounds "9"]
[EventCountry "RUS"]
[SourceTitle "CBM 117 Extra"]
[Source "ChessBase"]
[SourceDate "2007.05.09"]
[SourceVersion "1"]
[SourceVersionDate "2007.05.09"]
[SourceQuality "1"]

1. c4 c6 2. e4 d5 3. exd5 cxd5 4. cxd5 Nf6 5. Bb5+ Nbd7 6. Nc3 a6 7. Be2 Nb6 8. Bf3 Nbxd5 9. Nge2 e6 10. 0-0 Be7 11. d4 0-0 12. Nf4 Nxc3 13. bxc3 Qc7 14. Qd3 Bd7 15. Re1 Bd6 16. g3 Rac8 17. Bd2 Bb5 18. Qe3 Bc4 19. Nh5 Nxh5 20. Bxh5 Ba3 21. Bd1 b5 22. Bb3 Rfd8 23. Qe4 Qc6 24. Qg4 g6 25. Qf4 Rd5 26. Bc2 Rd7 27. Re5 Bd5 28. Rae1 Bf8 29. h4 b4 30. h5 bxc3 31. Bc1 Bh1 32. Be4 Bxe4 33. R5xe4 Qd5 34. hxg6 hxg6 35. Qh4 Rc4 36. Bg5 Bg7 37. Bh6 c2 38. Bxg7 Kxg7 39. Rc1 e5 40. f3 f5 41. dxe5 fxe4 42. Qf6+ Kh7 43. e6 Qd4+ 44. Qxd4 Rdxd4 0-1

[Event "St Petersburg Zak Memorial"]
[Site "St Petersburg"]
[Date "2007.03.25"]
[Round "2"]
[White "Gorjunov, Sergey"]
[Black "Fokin, Anatoly"]
[Result "1-0"]
[WhiteElo "2102"]
[BlackElo "1986"]
[PlyCount "95"]
[EventDate "2007.03.24"]
[EventType "team"]
[EventRounds "9"]
[EventCountry "RUS"]
[SourceTitle "CBM 117 Extra"]
[Source "ChessBase"]
[SourceDate "2007.05.09"]
[SourceVersion "1"]
[SourceVersionDate "2007.05.09"]
[SourceQuality "1"]

1. c4 e6 2. Nf3 d5 3. g3 Nf6 4. Bg2 c6 5. 0-0 Bd6 6. d3 e5 7. e4 d4 8. c5 Bc7 9. Na3 Qe7 10. b4 b6 11. Nc4 Nbd7 12. Nh4 bxc5 13. Nf5 Qf8 14. Qa4 Bb7 15. Na5 Bxa5 16. Qxa5 g6 17. Bh6 gxf5 18. Bxf8 Kxf8 19. exf5 c4 20. Qc7 Ba6 21. b5 Bxb5 22. Bxc6 Bxc6 23. Qxc6 Kg7 24. f4 cxd3 25. g4 Rac8 26. Qd6 Rcd8 27. g5 Ng8 28. f6+ Ngxf6 29. gxf6+ Nxf6 30. Qxe5 Rd5 31. Qe1 Ng4 32. f5 h5 33. f6+ Kh6 34. Qd2+ Ne3 35. Kh1 Rc8 36. Rfc1 Rg8 37. Rg1 Rc8 38. Rg7 Rc3 39. Rxf7 Kg6 40. Re7 Kxf6 41. Rxe3 dxe3 42. Qxc3+ Ke6 43. Qc6+ Ke5 44. Rg1 e2 45. Rg5+ Kf4 46. Qf6+ Ke3 47. Qe6+ Kd2 48. Rxd5 1-0